INDIAN HISTORY AND CULTURE (Record no. 10401)

MARC details
000 -LEADER
fixed length control field 00328nam a22001457a 4500
003 - CONTROL NUMBER IDENTIFIER
control field SGT
020 ## - INTERNATIONAL STANDARD BOOK NUMBER
International Standard Book Number 9788184249231
082 ## - DEWEY DECIMAL CLASSIFICATION NUMBER
Classification number 954,AGN
100 ## - MAIN ENTRY--PERSONAL NAME
Personal name AGNIHOTRI,V.K.
245 ## - TITLE STATEMENT
Title INDIAN HISTORY AND CULTURE
260 ## - PUBLICATION, DISTRIBUTION, ETC. (IMPRINT)
Place of publication, distribution, etc NEW DELHI
Name of publisher, distributor, etc ALLIED PUBLISHERS
Year of Publication 2014
300 ## - PAGE DESCRIPTION
No. of Pages 420
650 ## - SUBJECT ADDED ENTRY--TOPICAL TERM
Topical term or geographic name as entry element INDIAN HISTORY
942 ## - ADDED ENTRY ELEMENTS (KOHA)
Source of classification or shelving scheme Dewey Decimal Classification
Koha item type Books
942 ## - ADDED ENTRY ELEMENTS (KOHA)
-- 5
Holdings
Withdrawn status Lost status Source of classification or shelving scheme Damaged status Not for loan Collection code Home library Current library Shelving location Date acquired Vendor Name Cost, normal purchase price SGTU Bill Number Total Checkouts Total Renewals Full call number Accession No. (Barcode) Date last seen Date last borrowed Bill Date Koha item type
    Dewey Decimal Classification     LAW SGT Science & Social Sciences Library SGT Science & Social Sciences Library Text Book 11/01/2017 TECHNICAL BUREAU INDIA 995.00 SGTU 2253 11 2 954,AGN FL1222 14/09/2023 14/09/2023 05/12/2015 Books
    Dewey Decimal Classification   Not For Loan LAW SGT Science & Social Sciences Library SGT Science & Social Sciences Library Reference Book 11/01/2017 TECHNICAL BUREAU INDIA 995.00 SGTU 2253     954,AGN FL1223 11/01/2017   05/12/2015 Books
    Dewey Decimal Classification     LAW SGT Science & Social Sciences Library SGT Science & Social Sciences Library Text Book 11/01/2017 TECHNICAL BUREAU INDIA 995.00 SGTU 2253 7 1 954,AGN FL1224 21/02/2022 19/02/2022 05/12/2015 Books
  Lost and Paid For Dewey Decimal Classification     LAW SGT Science & Social Sciences Library SGT Science & Social Sciences Library Text Book 11/01/2017 TECHNICAL BUREAU INDIA 995.00 SGTU 2253     954,AGN FL1225 21/02/2018   05/12/2015 Books
    Dewey Decimal Classification     LAW SGT Science & Social Sciences Library SGT Science & Social Sciences Library Text Book 11/01/2017 TECHNICAL BUREAU INDIA 995.00 SGTU 2253 12   954,AGN FL1226 04/12/2025 21/11/2025 05/12/2015 Books